Tennis: Les n°1 mondiaux au classement ATP de 1973 à nos jours (par nombre de semaines) - Statistiques

Statistiques générales
  • Ce quiz a été pris 2 723 fois
    745 depuis la dernière actualisation
  • Le résultat moyen est 18 sur 29
Statistiques - réponses
Réponse % Correct
Novak Djokovic
100%
Roger Federer
100%
Rafael Nadal
99%
Björn Borg
84%
Jannik Sinner
84%
Andy Murray
83%
Carlos Alcaraz
82%
Pete Sampras
80%
Andre Agassi
79%
Daniil Medvedev
78%
John McEnroe
76%
Ivan Lendl
66%
Lleyton Hewitt
62%
Gustavo Kuerten
59%
Boris Becker
57%
Juan Carlos Ferrero
55%
Jimmy Connors
54%
Andy Roddick
53%
Marat Safin
51%
Stefan Edberg
50%
Mats Wilander
49%
Carlos Moya
48%
Jim Courier
45%
Ilie Nastase
42%
Ievgueni Kafelnikov
38%
Marcelo Rios
35%
Patrick Rafter
35%
Thomas Muster
35%
John Newcombe
29%
Aucun quiz correspondant
Distribution des résultats
% des personnes avec chaque résultat
Percentile par nombre de réponses
Votre historique - résultats
Vous n’avez pas pris ce quiz depuis la dernière actualisation